[Event "TUR-chT2"]
[Site "Konya"]
[Date "2017.07.14"]
[Round "8.8"]
[White "Cildir, Burak Samet"]
[Black "Tayhan, Nart Murat"]
[Result "0-1"]
[WhiteElo "1652"]
[BlackElo "1714"]
[PlyCount "103"]
[EventDate "2017.07.09"]
[EventType "team-swiss"]
[EventRounds "9"]
[EventCountry "TUR"]
[SourceTitle "CBM 179 Extra"]
[Source "ChessBase"]
[SourceDate "2017.08.23"]
[SourceVersion "1"]
[SourceVersionDate "2017.08.23"]
[SourceQuality "1"]
[WhiteTeam "Derince Turgut"]
[BlackTeam "Genclik Merkezi Genc"]
[WhiteTeamCountry "TUR"]
[BlackTeamCountry "TUR"]

1. d4 Nf6 2. Nf3 e6 3. Nbd2 d5 4. e3 c5 5. b3 Nc6 6. Bb2 Bd6 7. Bd3 0-0 8. 0-0 b6 9. Ne5 Bb7 10. a3 Rc8 11. f4 Ne7 12. Qf3 b5 13. c3 c4 14. Bc2 cxb3 15. Bxb3 Ne4 16. Nxe4 dxe4 17. Qe2 Bxe5 18. fxe5 Bd5 19. Ba2 Bxa2 20. Rxa2 Qd5 21. Raa1 Qc4 22. Qc2 Nd5 23. Rfe1 f5 24. exf6 Nxf6 25. a4 b4 26. Rac1 bxc3 27. Ba3 Rf7 28. h3 Rb7 29. Bc5 Rb3 30. Rf1 Qxa4 31. Rxf6 gxf6 32. Qxe4 Qd7 33. Qg4+ Kh8 34. Qf4 Qg7 35. Qe4 Qf7 36. Qg4 Rg8 37. Qe4 Qg6 38. Qf3 Rb1 39. Rxb1 Qxb1+ 40. Kh2 Qf5 41. Qe2 c2 42. Ba3 Qe4 43. Qf1 Qf5 44. Qe2 Qe4 45. Qf1 Qg6 46. Bb2 Kg7 47. Qf3 Rb8 48. Bc1 Rb1 49. Qf1 Qf5 50. Qe1 Qg6 51. Qd2 a5 52. g4 0-1

[Event "TUR-chT2"]
[Site "Konya"]
[Date "2017.07.09"]
[Round "1.20"]
[White "Tayhan, Nart Murat"]
[Black "Hazar, Yahya"]
[Result "1/2-1/2"]
[WhiteElo "1714"]
[BlackElo "1456"]
[PlyCount "65"]
[EventDate "2017.07.09"]
[EventType "team-swiss"]
[EventRounds "9"]
[EventCountry "TUR"]
[SourceTitle "CBM 179 Extra"]
[Source "ChessBase"]
[SourceDate "2017.08.23"]
[SourceVersion "1"]
[SourceVersionDate "2017.08.23"]
[SourceQuality "1"]
[WhiteTeam "Genclik Merkezi Genc"]
[BlackTeam "Nigde"]
[WhiteTeamCountry "TUR"]
[BlackTeamCountry "TUR"]

1. d4 d5 2. Nf3 Nf6 3. c4 e6 4. g3 c6 5. Nbd2 Nbd7 6. Bg2 Qc7 7. 0-0 b6 8. Qc2 Bd6 9. e4 Nxe4 10. Nxe4 dxe4 11. Ng5 Nf6 12. Nxe4 Nxe4 13. Qxe4 Bd7 14. Rd1 0-0 15. Qd3 Rad8 16. Be3 c5 17. dxc5 Bxc5 18. Bxc5 Qxc5 19. b3 Qg5 20. Qe4 a5 21. Qb7 Qe5 22. Qxb6 g6 23. Qd4 Qc7 24. Qd6 Qc8 25. Qe5 a4 26. Rd6 axb3 27. axb3 Qb8 28. Qd4 Bc6 29. Rxd8 Rxd8 30. Qf4 Bxg2 31. Qxb8 Rxb8 32. Kxg2 Rxb3 33. Ra7 1/2-1/2